Standard conditions of sale (Record no. 105296)
[ view plain ]
| 000 -LEADER | |
|---|---|
| fixed length control field | 01849cam a2200289 4500 |
| 001 - CONTROL NUMBER | |
| control field | ##L132979 |
| 008 - FIXED-LENGTH DATA ELEMENTS--GENERAL INFORMATION | |
| fixed length control field | 060329n2006 000 0 eng u |
| 020 ## - INTERNATIONAL STANDARD BOOK NUMBER | |
| International Standard Book Number | 1846610087 |
| 035 ## - SYSTEM CONTROL NUMBER | |
| System control number | (Sirsi) u132979 |
| 041 0# - LANGUAGE CODE | |
| Language code of text/sound track or separate title | eng |
| 050 04 - LIBRARY OF CONGRESS CALL NUMBER | |
| Classification number | 346.410438 $2 18 |
| 100 1# - MAIN ENTRY--PERSONAL NAME | |
| Personal name | Silverman, Frances |
| 245 00 - TITLE STATEMENT | |
| Title | Standard conditions of sale |
| Remainder of title | a conveyancer's guide |
| 250 ## - EDITION STATEMENT | |
| Edition statement | 7th ed. |
| 260 ## - PUBLICATION, DISTRIBUTION, ETC. | |
| Place of publication, distribution, etc. | Bristol |
| Name of publisher, distributor, etc. | Jordan Publishing Limited |
| Date of publication, distribution, etc. | 2006 |
| 300 ## - PHYSICAL DESCRIPTION | |
| Extent | xxiv, 313p |
| Dimensions | 25cm. |
| 350 ## - PRICE (NR) (BK AM CF MU VM SE) [OBSOLETE] | |
| Price | 39 |
| 505 2# - FORMATTED CONTENTS NOTE | |
| Formatted contents note | Tables and checklists -- Definitions -- The standard form of contract -- Service and delivery of documents -- Disclosure of incumbrances -- Grants and reservations -- Identity of the property -- Misrepresentation -- Title -- Chattels -- Deposit -- Insurance -- Exchange of contracts -- Requisitions on title -- Possession before completion -- The purchase deed -- Completion -- Late completion -- Remedies -- Tenanted property -- Sales of part -- Leaseholds -- Auctions -- Commonhold -- Special circumstances. |
| 520 ## - SUMMARY, ETC. | |
| Summary, etc. | Guides the reader through the requirements of a legally binding contract in England and Wales. Provides a detailed commentary on the Law Society's fourth edition of the Standard Conditions of Sale, the second edition of the Standard Commercial Property Conditions, and the "Common auction conditions for auction of real estate in England and Wales", ISBN 1842192388, published by RICS. Also includes a section on Commonhold, and comments upon the Home Information Pack due to be implemented in 2007. |
| 520 ## - SUMMARY, ETC. | |
| Summary, etc. | Supersedes 6th edition (ISBN 1860129226) |
| 590 ## - LOCAL NOTE (RLIN) | |
| Local note | IKA090506 |
| 650 24 - SUBJECT ADDED ENTRY--TOPICAL TERM | |
| Topical term or geographic name entry element | HOME INFORMATION PACKS |
| 650 24 - SUBJECT ADDED ENTRY--TOPICAL TERM | |
| Topical term or geographic name entry element | RICS COMMON AUCTION CONDITIONS FOR AUCTIONS OF REAL ESTATE IN ENGLAND AND WALES |
| 690 ## - LOCAL SUBJECT ADDED ENTRY--TOPICAL TERM (OCLC, RLIN) | |
| Topical term or geographic name as entry element | PROPERTY-PROPERTY ACQUISITION AND DISPOSAL-CONVEYANCING |
| 942 ## - ADDED ENTRY ELEMENTS (KOHA) | |
| Suppress in OPAC | 0 |
| Withdrawn status | Lost status | Source of classification or shelving scheme | Damaged status | Not for loan | Home library | Current library | Shelving location | Date acquired | Cost, normal purchase price | Total Checkouts | Full call number | Barcode | Date last seen | Date last checked out | Copy number | Cost, replacement price | Price effective from | Koha item type |
|---|---|---|---|---|---|---|---|---|---|---|---|---|---|---|---|---|---|---|
| Dewey Decimal Classification | London | London | Books | 03/05/2006 | 39.00 | 8 | 346.410438 SIL | 30072960 | 06/08/2019 | 13/05/2009 | 1 | 39.00 | 06/08/2019 | Book |